| 000 | 00408nam a2200133 a 4500 | ||
|---|---|---|---|
| 005 | 20140412111414.0 | ||
| 008 | 070705s19uu xx 00 eng d | ||
| 020 | _a0-06-076564x | ||
| 050 |
_aER _bCh46 2005 |
||
| 100 | _aDriggs, Scout | ||
| 245 |
_aThe chronicles of Narnia : _bThe lion, the witch and the wardrobe / _cScout Driggs. |
||
| 260 |
_aU.S.A : _bHarper kids entertainment, _c2005. |
||
| 999 |
_c105792 _d105792 |
||